Manual de Civisme i Urbanitat : 1r. esborrany 1r. esborrany
Descripción Física:
83 p. ; 30 cm
Materias:
Educació cívica
MARC
| LEADER | 00000nam a2200000Ia 4500 | ||
|---|---|---|---|
| 001 | 11070 | ||
| 008 | 160829s9999 xx 000 0 cat d | ||
| 080 | |a M-3-10 | ||
| 245 | |a Manual de Civisme i Urbanitat : |b 1r. esborrany | ||
| 260 | |a Barcelona : |b [Ajuntament de Barcelona], gener 1992 | ||
| 300 | |a 83 p. ; |c 30 cm | ||
| 650 | 0 | |a Educació cívica |9 35230 | |
| 901 | |a Arxiu | ||
| 942 | |n 1 | ||
| 952 | |0 0 |1 0 |4 0 |6 M310 |7 1 |9 45677 |a Arxiu |b Arxiu |d 2016-12-01 |l 0 |o M-3-10 |p 11070 |r 2016-12-01 00:00:00 |w 2016-12-01 |y ARXIU | ||
| 999 | |c 49177 |d 49177 | ||